000
00208 a2200097 4500
001
10875
100
_a
Jan Daumi
245
_a
Akhalaki Zandagie ka Na
260
_a
_b
Maqbool Academy
_c
090
_c
8449
_d
8449
942
_a
NUST-CAE
_c
M
_c
35210
999
_c
245948
_d
245948